000 00442nam a2200181Ia 4500
003 GCL
008 140319s9999 xx 000 0 eng d
040 _aGCL /
_cGCL
082 0 4 _a968.8
_bM N
100 1 _aMBUMBA, NANGOLO
245 1 0 _aNAMIBIA IN HISTORY /
_cMBUMBA, NANGOLO
260 _a[S.N] :
_bZED BOOKS LTD ،
_c1989
300 _a294\P
650 0 4 _aAFRICA
650 0 4 _aNAMIBIA
650 0 4 _aPOLITICAL EVENTS
942 _2ddc
_cBK
999 _c11175
_d11175